|
|
|
|
| LEADER |
01534nam a2200409 a 4500 |
| 001 |
EBC3004062 |
| 003 |
MiAaPQ |
| 005 |
20200520144314.0 |
| 006 |
m o d | |
| 007 |
cr cn||||||||| |
| 008 |
060707s2006 ne sb 001 0 eng d |
| 010 |
|
|
|z 2006049043
|
| 020 |
|
|
|z 9004151346 (hardback : alk. paper)
|
| 020 |
|
|
|z 9789004151345
|
| 020 |
|
|
|z 9789047409625
|
| 035 |
|
|
|a (MiAaPQ)EBC3004062
|
| 035 |
|
|
|a (Au-PeEL)EBL3004062
|
| 035 |
|
|
|a (CaPaEBR)ebr10234751
|
| 035 |
|
|
|a (CaONFJC)MIL139924
|
| 035 |
|
|
|a (OCoLC)923613032
|
| 040 |
|
|
|a MiAaPQ
|c MiAaPQ
|d MiAaPQ
|
| 050 |
|
4 |
|a BP173.75
|b .E42 2006
|
| 082 |
0 |
4 |
|a 330.088/297
|2 22
|
| 100 |
1 |
|
|a El-Ashker, Ahmed Abdel-Fattah,
|d 1943-
|
| 245 |
1 |
0 |
|a Islamic economics
|h [electronic resource] :
|b a short history /
|c by Ahmed A.F. El-Ashker and Rodney Wilson.
|
| 260 |
|
|
|a Leiden ;
|a Boston :
|b Brill,
|c 2006.
|
| 300 |
|
|
|a xii, 450 p.
|
| 490 |
1 |
|
|a Themes in Islamic studies,
|x 1389-823X ;
|v v. 3
|
| 504 |
|
|
|a Includes bibliographical references (p. [419]-429) and index.
|
| 533 |
|
|
|a Electronic reproduction. Ann Arbor, MI : ProQuest, 2015. Available via World Wide Web. Access may be limited to ProQuest affiliated libraries.
|
| 650 |
|
0 |
|a Economics
|x Religious aspects
|x Islam.
|
| 650 |
|
0 |
|a Islam
|x Economic aspects.
|
| 655 |
|
4 |
|a Electronic books.
|
| 700 |
1 |
|
|a Wilson, Rodney.
|
| 710 |
2 |
|
|a ProQuest (Firm)
|
| 830 |
|
0 |
|a Themes in Islamic studies ;
|v v. 3.
|
| 856 |
4 |
0 |
|u https://ebookcentral.proquest.com/lib/matrademy/detail.action?docID=3004062
|z Click to View
|